000 01661nam a22002417a 4500
003 OSt
005 20200930125033.0
008 200930s2009 ck o||gr|||| 00| 0dspa d
020 _a979586522113
040 _aCO-JMCR
_cCO-JMCR
041 0 _aspa
082 0 4 _a350 /
_bY679e
_223
100 1 _aYounes Moreno, Diego,
_eautor
_910300
245 1 3 _aLa ESAP y el desarrollo institucional colombiano 50 años :
_b1958-2008 /
_cDiego Younes Moreno
260 _aBogotá :
_bESAP,
_c[2009].
300 _a320 páginas :
_bilustraciones, fotografías a blanco y negro ;
_c24 cm.
504 _aBibliografía: páginas 317-320.
505 _aAproximaciones metodológicas. -- El contexto social y político del medio siglo. -- La ESAP y la reforma administrativa de 1968. -- Hacia la consolidación institucional. -- La ESAP y la Constitución del 1991. -- El sistema de educación y formación de la ESAP. --La escuela del alto gobierno. -- El sistema de investigación en la ESAP. -- El sistema de información y difusión institucional. -- Presencia de la ESAP en la modernización y el desarrollo institucional. -- La ESAP y la descentralización. -- El sistema de direcciones territoriales de la ESAP. -- La planeación y la ESAP. -- Asistencia técnica y cooperación internacional. -- La naturaleza jurídica de las ESAP y sus normas orgánicas. -- Organización y paradigmas actuales de la ESAP. -- Directores de la escuela superior de administración pública- ESAP.
650 2 4 _aAdministración pública
_911014
650 2 4 _aEstudio y docencia
_911015
650 2 4 _aEscuela Superior de Administración Pública
_z(Colombia)
_911016
942 _2ddc
_cBK
999 _c6890
_d6890